000 00582nam a22001937a 4500
003 OSt
005 20240628112403.0
008 240628b |||||||| |||| 00| 0 eng d
020 _a9781848133327
040 _cMUST
082 _a332.1 BAT 2010
100 _aBateman, Milford
_918323
245 _aWhy doesn't microfinance work ?:
_bthe destructive rise of local neoliberalism /
_cMilford Bateman
260 _aLondon
_bZed Books
_c2010
300 _aix, 262p.:
_c22 cm.
504 _aIncludes bibliographical references and index
650 _aFinance
_95401
942 _2ddc
_cO_SHELF
999 _c9013
_d9013